000 01415nam a2200361 i 4500
003 OSt
005 20260530113914.0
008 260507b2010 sp a|||| |||| 00| 0 eng d
020 _a9788415967781
040 _aICI
_bspa
_cICI
041 _aeng
050 _aNC998.5
_b.I36 2015
100 _aDíaz, Sonia,
_933803
245 _aIconicity :
_bpictograms, ideograms, signs for utility, usefulness and pleasure /pictogrammes, ideogrammes, signes utiles, utilitaires et décoratifs /
_cSonia Díaz, Gabriel Martínez.
250 _aMultilingual edition.
264 _aBarcelona, España :
_bPromopress,
_c2015.
300 _a223 páginas
_c21cm.
336 _2rdacontent
_atexto
337 _2rdamedia
_asin medio
338 _2rdacarrier
_avolumen
500 _aTexto en inglés con títulos paralelos en varios idiomas.
520 _aObra sobre sistemas de comunicación visual mediante pictogramas e ideogramas aplicados al diseño gráfico, la señalización y la comunicación funcional y estética.
650 4 _aDiseño gráfico.
_918020
650 4 _aPictogramas.
_933804
650 4 _aIdeogramas.
_933805
650 4 _aComunicación visual.
_933806
650 4 _aSeñalización.
_933807
650 4 _aSímbolos gráficos.
_933808
650 4 _aDiseño de información.
_933809
700 _aMartínez, Gabriel,
_eautor.
_933810
710 2 _aPromopress,
_eeditor.
_933811
942 _2lcc
_cBK
_n1
999 _c12220
_d12220